<?xml version="1.0" encoding="UTF-8"?>
<record
    xmlns:xsi="http://www.w3.org/2001/XMLSchema-instance"
    xsi:schemaLocation="http://www.loc.gov/MARC21/slim http://www.loc.gov/standards/marcxml/schema/MARC21slim.xsd"
    xmlns="http://www.loc.gov/MARC21/slim">

  <leader>01643nam a2200253 a 4500</leader>
  <controlfield tag="001">000027800</controlfield>
  <controlfield tag="003">DO-SdBNP</controlfield>
  <controlfield tag="005">20220823125740.0</controlfield>
  <controlfield tag="007">ta</controlfield>
  <controlfield tag="008">110405s1996    dr            000 0 spa d</controlfield>
  <datafield tag="040" ind1=" " ind2=" ">
    <subfield code="a">DO-SdBNP</subfield>
    <subfield code="b">spa</subfield>
    <subfield code="c">BNPHU</subfield>
  </datafield>
  <datafield tag="082" ind1=" " ind2=" ">
    <subfield code="2">22</subfield>
    <subfield code="a">056.0216</subfield>
    <subfield code="b">B219</subfield>
  </datafield>
  <datafield tag="245" ind1="0" ind2="0">
    <subfield code="a">Banreservas :</subfield>
    <subfield code="b">un legado /</subfield>
    <subfield code="c">compilador Eligio Bison&#xF3; B.</subfield>
  </datafield>
  <datafield tag="260" ind1=" " ind2=" ">
    <subfield code="a">Santo Domingo :</subfield>
    <subfield code="b">Banreservas,</subfield>
    <subfield code="c">1996.</subfield>
  </datafield>
  <datafield tag="300" ind1=" " ind2=" ">
    <subfield code="a">66 p. :</subfield>
    <subfield code="b">il. ;</subfield>
    <subfield code="c">23 cm.</subfield>
  </datafield>
  <datafield tag="490" ind1="1" ind2=" ">
    <subfield code="a">Banreservas</subfield>
  </datafield>
  <datafield tag="505" ind1="0" ind2=" ">
    <subfield code="a">Iglesias, capillas y ermitas coloniales / Mar&#xED;a Ugarte -- La portada de la Catedral de Santo Domingo / Jos&#xE9; M. Batlle P&#xE9;rez -- Don Sebasti&#xE1;n Ram&#xED;rez de Fuenleal, Obispo y legislador / Jos&#xE9; Luis S&#xE1;ez, S.J -- El &#xFA;ltimo tren de S&#xE1;nchez. Cuentos y vivencias de mi Pueblo / Rafael Jim&#xE9;nez Espino -- El canto de tradici&#xF3;n oral de Rep&#xFA;blica Dominicana / Bernarda Jorge -- Por los trillos del arte. Vivencias, semblanzas e inquietudes / A&#xED;da Bonnelly -- Trujillo, Villa Francisca y otros fantasmas / Marcio Veloz Maggiolo -- El cintur&#xF3;n verde de la Ciudad de Santo Domingo -- Marcado por el mar / Armando Alm&#xE1;nzar -- Memoria del azar / Enriquillo S&#xE1;nchez -- Dramas y comedias en ocho obras teatrales / Arturo Rodr&#xED;guez Fern&#xE1;ndez -- La responsabilidad de la banca en el lavado de dinero / Laura Arzeno E, Ilona de la Rocha -- Bases de la colecci&#xF3;n Banreservas.</subfield>
  </datafield>
  <datafield tag="590" ind1=" " ind2=" ">
    <subfield code="a">Inventariado, 2022/BT</subfield>
  </datafield>
  <datafield tag="650" ind1=" " ind2=" ">
    <subfield code="2">Publicaciones seriadas</subfield>
    <subfield code="x">Cat&#xE1;logos</subfield>
    <subfield code="z">Rep&#xFA;blica Dominicana</subfield>
    <subfield code="9">81413</subfield>
  </datafield>
  <datafield tag="700" ind1="1" ind2=" ">
    <subfield code="a">Bison&#xF3; B., Eligio,</subfield>
    <subfield code="d">1941-</subfield>
    <subfield code="e">comp.</subfield>
    <subfield code="9">54877</subfield>
  </datafield>
  <datafield tag="710" ind1="2" ind2=" ">
    <subfield code="a">Banco de Reservas de la Rep&#xFA;blica Dominicana</subfield>
    <subfield code="9">6285</subfield>
  </datafield>
  <datafield tag="910" ind1=" " ind2=" ">
    <subfield code="a">Btav&#xE1;rez</subfield>
  </datafield>
  <datafield tag="942" ind1=" " ind2=" ">
    <subfield code="2">ddc</subfield>
    <subfield code="c">LBS1</subfield>
  </datafield>
  <datafield tag="952" ind1=" " ind2=" ">
    <subfield code="0">0</subfield>
    <subfield code="1">0</subfield>
    <subfield code="2">ddc</subfield>
    <subfield code="5">3</subfield>
    <subfield code="7">0</subfield>
    <subfield code="8">PD</subfield>
    <subfield code="a">BNPHU</subfield>
    <subfield code="b">BNPHU</subfield>
    <subfield code="c">CT</subfield>
    <subfield code="d">2011-04-05</subfield>
    <subfield code="l">0</subfield>
    <subfield code="o"> </subfield>
    <subfield code="p">27800-10</subfield>
    <subfield code="r">2020-06-25</subfield>
    <subfield code="w">2020-06-25</subfield>
    <subfield code="y">LBS1</subfield>
  </datafield>
  <datafield tag="952" ind1=" " ind2=" ">
    <subfield code="0">0</subfield>
    <subfield code="1">0</subfield>
    <subfield code="2">ddc</subfield>
    <subfield code="5">3</subfield>
    <subfield code="7">0</subfield>
    <subfield code="8">PD</subfield>
    <subfield code="a">BNPHU</subfield>
    <subfield code="b">BNPHU</subfield>
    <subfield code="c">CT</subfield>
    <subfield code="d">2022-04-04</subfield>
    <subfield code="e">Donaci&#xF3;n</subfield>
    <subfield code="l">0</subfield>
    <subfield code="o">056.0216 B219</subfield>
    <subfield code="p">2022-1081</subfield>
    <subfield code="r">2022-04-04</subfield>
    <subfield code="t">e.2</subfield>
    <subfield code="w">2022-04-04</subfield>
    <subfield code="y">LBS1</subfield>
  </datafield>
  <datafield tag="999" ind1=" " ind2=" ">
    <subfield code="c">27292</subfield>
    <subfield code="d">27292</subfield>
  </datafield>
</record>
